000 01198cam a2200361Mi 4500
001 87712
005 20230410132916.0
008 081118s2008 sp 000 0 spa d
035 _a(OCoLC)ocn318641205
040 _aGWDNB
_erakwb
_bger
_cGWDNB
015 _a09,A17,0104
_2dnb
016 7 _a991305132
_2GyFmDB
020 _a9788420660950
020 _a8420660957
035 _a(OCoLC)318641205
041 1 _aspa
_hger
050 1 4 _aB 3105
_bS373a 2008
082 0 0 _a193
049 _aGRAL
100 1 _aSchopenhauer, Arthur,
_d1788-1860.
245 1 3 _aEl arte de conocerse a sí mismo /
_cArthur Schopenhauer. Edición, introduccion y notas de Franco Volpi. [Trad.: Fabio Morales]
260 _aMadrid :
_bAlianza Editorial,
_c2008.
300 _a137 p.
_bIll.
_c18 cm
440 3 _aEl libro de bolsillo
_v4480 : Humanidades : Filosofía
490 1 _aEl libro de bolsillo
_v4480 : Humanidades : Filosofía
650 0 _aPhilosophy, German
_y19th century.
650 0 _aPhilosophers
_zGermany.
650 4 _aFilosofía alemana.
700 1 _aVolpi, Franco
_eHrsg.
700 1 _aSchopenhauer, Arthur
_tDie Kunst, sich selbst zu erkennen
942 _2lcc
_cbk
994 _aC0
_bDRFGD
999 _c89983
_d89983